02142nam a2200361 4500001000400000003000400004005001700008008004100025020001800066040000800084041001300092082001700105100002000122240005000142245014900192260003400341300001600375490004000391520089500431650002901326650002401355650002201379650001701401650002501418655001601443655002001459700004201479700003201521830004501553942001501598952015401613999001301767271OSt20250528074016.0250313b |||||||j |||| 00| 1 eng d a9788539513277 bPor hengapor a028.5bS879c aStone, Rex9494 aDinosaur Cove: Stampede of the Giant reptiles aA Caverna dos Dinossauros bA fuga dos répteis gigantes / cStone, Rex ; tradução de Erica Silveira Campos e ilustração de Mike Spoor aSão PaulobFundamentoc2015 a61 p.bil. 1 aA Caverna dos Dinossauros vLivro 6 aJamie e Tom adoram visitar o Mundo dos Dinossauros! Mas, desta vez, ao chegarem lá, tudo está muito estranho e quieto demais. Nenhum sinal de dinossauro! De repente, os amigos ouvem uma explosão ensurdecedora e veem meteoros caindo! Quando as grandes pedras atingem o solo, devastam boa parte do bosque de pinheiros. Os dinossauros estavam escondidos por causa disso! E entre os mais assustados está uma manada de edmontossauros, criaturas tão grandes que podem ter até mil dentes! Querendo fugir do perigo, os animais decidem correr para o lado oposto ao fogo. O problema é que nessa direção tem uma imensa cratera aberta por um meteoro! Se Jamie e Tom não pararem a manada, os edmontossauros estarão perdidos! Mas como é que dois meninos conseguirão parar mais de cem dinossauros gigantescos sem ser pisoteados? Isso é o que você está prestes a descobrir! 0aLiteratura Americana984 0aInfantojuvenil9200 0aDinossauros 9495 0aAventura947 0aGrandes Amizades928 0aRomance923 0aFicção 922 aErica Silveira CamposeTRADUTORA9503 aMike SpooreIlustrador9497 aA Caverna dos Dinossauros vLivro 69498 2ddcn0cBK 00102ddc3vol. 0640708FICaBIBIBbBIBIBcIJd2025-03-13edoaçãol0oIJ 028.5 / S879cp2025-17226r2025-03-13 08:52:01tEx. 01w2025-03-13yBK c271d271